[Event "Llinars del Valles op-B 8th"]
[Site "Llinars del Valles"]
[Date "2014.05.17"]
[Round "4"]
[White "Cid Salmeron, Jaume"]
[Black "Vilar Cot, Ona"]
[Result "1-0"]
[WhiteElo "1700"]
[BlackElo "1700"]
[PlyCount "51"]
[EventDate "2014.04.26"]
[EventType "swiss"]
[EventRounds "8"]
[EventCountry "ESP"]
[SourceTitle "EXT 2015"]
[Source "ChessBase"]
[SourceDate "2014.11.20"]
[SourceVersion "1"]
[SourceVersionDate "2014.11.20"]
[SourceQuality "1"]

1. e4 e5 2. Nf3 Nf6 3. Nxe5 Qe7 4. Nf3 Nc6 5. Nc3 g6 6. d4 d5 7. e5 Ng4 8. Nxd5 Qh4 9. Nxh4 Be6 10. Nxc7+ Kd7 11. Nxa8 Bb4+ 12. c3 Be7 13. Bb5 Bd5 14. Qxg4+ f5 15. Qe2 Rxa8 16. e6+ Bxe6 17. Bxc6+ bxc6 18. Nf3 Rb8 19. Ne5+ Kd6 20. Nc4+ Kd7 21. Bf4 Rb5 22. Ne5+ Ke8 23. Nxc6 g5 24. Qxb5 gxf4 25. Ne5+ Bd7 26. Qxd7+ 1-0